Ecological Vocabulary 1 - Statistics

General Stats
  • This quiz has been taken 167 times
  • The average score is 12 of 18
Answer Stats
Hint Answer % Correct
A consumer that eats only plant material herbivore
96%
When there are no more individuals of a species alive anywhere in the world, the species is _______ extinct
89%
An animal that hunts prey predator
85%
An organism that lives in or on a host, which benefits while the host is harmed parasite
84%
An animal that feeds exclusively on animal matter carnivore
82%
The place where an organism lives habitat
80%
An organism that feeds on both plant and animal matter omnivore
80%
At risk of going extinct in the near future endangered
72%
All the members of a particular species that live in a defined area population
66%
All parts of the earth where living things exist biosphere
61%
An organism that causes ecological harm in an environment where it is not native (2 words) invasive species
60%
A community of organisms and their habitat ecosystem
58%
An organism that feeds on the flesh of animals it finds that are dead already scavenger
58%
An organism that breaks down dead organic matter into simple molecules while it feeds decomposer
54%
A diagram that shows the flow of energy through a community (2 words) food chain
53%
All the populations that live in a particular area community
52%
An organism that can make its own food (is autotrophic) producer
39%
An organism that has to feed on other organisms to obtain nutrition consumer
32%
No matching quizzes found
Score Distribution
Percent of People with Each Score
Percentile by Number Answered
Your Score History
You have not taken this quiz